| 000 | 00386nam a22001337a 4500 | ||
|---|---|---|---|
| 082 |
_a621.31921 _bVAI _cL-10, P-22 |
||
| 100 |
_aVail, Charles R _941470 |
||
| 245 | _aCircuits in electrical engineer / | ||
| 260 |
_aNew York: _bPrentice Hall, Inc _cc1950 |
||
| 300 |
_axv, 560 p, : _bDiagran,; _c19cm |
||
| 526 |
_a0 _b0 _c0 _d621_319210000000000_VAI |
||
| 650 |
_aMCE _9379 |
||
| 942 |
_2ddc _cBK |
||
| 999 |
_c545570 _d545570 |
||